000 00292nam a2200133Ia 4500
008 231129s1973||||xx |||||||||||||| ||spa||
040 _bspa
082 _aPe863 S423r
100 _aScorza Manuel
245 0 _aRedoble por rancas
260 _c1973
264 _aPlaneta
942 _2ddc
_cBKS
999 _c23816
_d23816